[Frank-Lothar Kroll, Hendrik Thoß (Hrsg.): Zwei Staaten, eine Krone]

Titel: [Frank-Lothar Kroll, Hendrik Thoß (Hrsg.): Zwei Staaten, eine Krone] / Marc von Knorring
Verfasser:
In: Zeitschrift für neuere Rechtsgeschichte, Band 39, Heft 3/4 (2017), Seite 307-308
alle Artikel anzeigen
Veröffentlicht: 2017
Format: Aufsatz
Sprache: Deutsch
Schlagworte:
Kein Bild verfügbar
X
alg: 42651097
001A    $03025:19-02-18 
001B    $01999:27-07-21 $t17:20:03.000 
001C    $03025:19-02-18 $t10:24:07.000 
001D    $03025:19-02-18 
001U    $0utf8 
001X    $00 
002@    $0Aou 
002C    $aText $btxt $2rdacontent 
002D    $aohne Hilfsmittel zu benutzen $bn $2rdamedia 
002E    $aBand $bnc $2rdacarrier 
003@    $0426510976 
007A    $0426510976 $aHEB 
010@    $ager 
010E    $erda 
011@    $a2017 
013D    $#Newspapers Sections, columns, etc. Reviews $#Book reviewing $#Journaux Cahiers, chroniques, etc. Comptes rendus $#Livres Recension $#Rezension $#Buchbesprechung $#Buchrezension $#Buchkritik $74049712-4 $8Rezension [Ts1] $9085138568 
021A    $a[Frank-Lothar Kroll, Hendrik Thoß (Hrsg.): Zwei Staaten, eine Krone] $hMarc von Knorring 
028A    $BVerfasser $4aut $7132776596 $8Knorring, Marc$cvon$Z1971- [Tp1] $9185369790 
031A    $d39 $e3/4 $h307-308 $j2017 
039B    $aEnthalten in $8--Abvc--. Zeitschrift für neuere Rechtsgeschichte. - Wien : Manz, 1979-. - ISSN 0250-6459 $x201700000390003693 $9048077585 
039T    $8--Aau--. Zwei Staaten, eine Krone. - Berlin-Brandenburg : be.bra wissenschaft verlag, [2016]. - 348 Seiten. - Illustrationen. - ISBN 978-3-95410-057-6 $9385661347 
045F    $a900.9438 $eDDC23BSB 
045F/01 $a900 
045F/03 $g438 
045T    $aINTRECHT $qDE-1a $2FID 
045T    $a2 

lok: 42651097 78

exp: 42651097 78 1 #EPN
201B/01 $019-02-18 $t10:24:07.000 
201C/01 $019-02-18 
201U/01 $0utf8 
203@/01 $01018285881 
208@/01 $a19-02-18 $be 
209A/01 $a/ $f000 $x00 
209A/01 $ab*p $x01 
220C/01 $apgar 
244Z/01 $#Generalgouvernement Polen $#Polska $#Rzeczpospolita Polska $#Polska Rzeczpospolita Ludowa $#Poland $#Pologne $#République Polonaise $#Generalne Gubernatorstwo w Polsce $#Polish People's Republic $#Polska Rzeczpospolita Polen $#PRL $#RP $#Polen Generalgouvernement $#Polska Generalgouvernement $#Besetzte Polnische Gebiete $#Besetztes Gebiet in Polen $#Okupowane Polskie Obszary $#Obszary Okupowane w Polsce $#Volksrepublik Polen $#Polska Rosyjska $#Republic Polen $#Respublika Pol'ša $#Pol'skaja Narodnaja Respublika $#République de Pologne $#Polen Links der Weichsel $#Polska po Lewej Stronie Wisły $#Lenkija $#Polija $#Gubernija Carstva Pol'skago $#Republik Polen $74046496-9 $8--Tg1--Polen $x01 $9085129801 
247C/01 $82080>Marburg/Lahn, Herder-Institut, Forschungsbibliothek, Bibliographieportal $9336309341
LEADER 00000caa a2200000 c 4500
001 426510976
003 DE-603
005 20210727172003.0
007 tu
008 180219s2017 xx |||| | u00||u|ger c
035 |a (DE-599)HEB426510976 
040 |a DE-603  |b ger  |c DE-603  |d DE-603  |e rda 
041 |a ger 
082 0 4 |8 1\u  |a 900.9438  |q DE-101  |2 23/BSB 
084 |a INTRECHT  |q DE-1a  |2 fid 
084 |a 2  |2 ssgn 
085 |8 1\u  |b 900 
085 |8 1\u  |z 2  |s 438 
100 1 |a Knorring, Marc von  |d 1971-  |e Verfasser  |4 aut  |0 (DE-603)185369790  |0 (DE-588)132776596  |2 gnd 
245 0 0 |a [Frank-Lothar Kroll, Hendrik Thoß (Hrsg.): Zwei Staaten, eine Krone]  |c Marc von Knorring 
264 0 |c 2017 
336 |a Text  |b txt  |2 rdacontent 
337 |a ohne Hilfsmittel zu benutzen  |b n  |2 rdamedia 
338 |a Band  |b nc  |2 rdacarrier 
655 7 |a Rezension  |2 gnd-content  |0 (DE-588)4049712-4  |0 (DE-603)085138568 
773 0 8 |i Enthalten in  |t Zeitschrift für neuere Rechtsgeschichte  |d Wien : Manz, 1979-  |x 0250-6459  |g Band 39, Heft 3/4 (2017), Seite 307-308  |w (DE-603)048077585  |w (DE-600)800888-7 
787 0 8 |i Rezension von  |t Zwei Staaten, eine Krone  |d Berlin-Brandenburg : be.bra wissenschaft verlag, [2016]  |h 348 Seiten, Illustrationen  |z 9783954100576  |w (DE-603)385661347 
924 0 |9 2080  |a (DE-603)1018285881  |b DE-2080  |c HES  |d d  |g /